1150 1525 1131 1059 1172 1842 1894 1716 1414 1880 1852 1145 1440 1648 1073 1939 1088 1868 1999 1239 1085 1327 1337 1764 1978 1645 1783 1905 1611 1299 1437 1907 1701 1744 1702 1871 1065 1768 1239 1153 1174 1047 1589 1179 1504 1884 1716 1465 1564 1116 1193 1053 1183 1660 1352 1640 1613 1483 1639 1401 1141 1083 1074 1274 1758 1905 1376 1208 1780 1983 1683 1659 1310 1497 1805 1091 1183 1803 1723 1897 1466 1431 1759 1402 1509 1671 1006 1488 1471 1264 1884 1221 1530 1326 1100 1734 1023 1409 1805 BCNSPRNW ULIB Ver.6.0+V

เปลี่ยนเป็นภาษาไทย

Change to English
 แสดงรายละเอียดบรรณานุกรม
  กลับหน้าหลัก

Brief Record : Get Marc (ISO 2709) : E-mail record : QR code < ปิดหน้าต่าง
LEADER : 00000nam 2200000uu 4500
001    13399128163
003     ULIB
008    220802s2564||||th 000 0 tha d
020 ^a ^a9786165829267
050 4  ^aLB2806^bจ34ก
100  ^ aจิติมา วรรณศรี.
245 0  ^aการบริหารจัดการศึกษายุคดิจิทัล / ^cจิติมา วรรณศรี.
260 ^a ^aพิษณุโลก : ^bมหาวิทยาลัยนเรศวร, ^c2564.
300 ^a ^a238 หน้า ; ^c24 ซม.
650 4  ^aการจัดการศึกษา.
650 4  ^aการบริหารการศึกษา.
650 4  ^aการพัฒนาการศึกษา.
945    ^p280^l0^i29410
945    ^p280^l0^i29411
945    ^p280^l0^i29412
945    ^p280^l0^i29413
945    ^p280^l0^i29414
999    ^aกัณชพร จุลอักษร
รายการนี้ยังไม่มีแท็ก
คุณยังไม่ได้ล็อกอิน คุณสามารถมีกิจกรรมร่วมกับเว็บไซต์ได้ แต่ต้องล็อกอินก่อน ::
  ล็อกอิน

รายการสื่อสารสนเทศ

ลำดับที่ ประเภท เลขเรียก/บาร์โค้ด สถานที่ สถานะ
1. หนังสือสำรอง
หนังสือสำรอง
LB2806 จ34ก ฉ.1 
  Barcode: 29410
ห้องสมุดวิทยาเขตนครสวรรค์
►หนังสือทั่วไป:l:General Books
บนชั้น
2. วิทยาศาสตร์การแพทย์ และสุขภาพ
วิทยาศาสตร์การแพทย์ และสุขภาพ
LB2806 จ34ก ฉ.2 
  Barcode: 29411
ห้องสมุดวิทยาเขตนครสวรรค์
►หนังสือทั่วไป:l:General Books
บนชั้น
3. วิทยาศาสตร์การแพทย์ และสุขภาพ
วิทยาศาสตร์การแพทย์ และสุขภาพ
LB2806 จ34ก ฉ.3 
  Barcode: 29412
ห้องสมุดวิทยาเขตนครสวรรค์
►หนังสือทั่วไป:l:General Books
บนชั้น
4. วิทยาศาสตร์การแพทย์ และสุขภาพ
วิทยาศาสตร์การแพทย์ และสุขภาพ
LB2806 จ34ก ฉ.4 
  Barcode: 29413
ห้องสมุดวิทยาเขตนครสวรรค์
►หนังสือทั่วไป:l:General Books
บนชั้น
5. วิทยาศาสตร์การแพทย์ และสุขภาพ
วิทยาศาสตร์การแพทย์ และสุขภาพ
LB2806 จ34ก ฉ.5 
  Barcode: 29414
ห้องสมุดวิทยาเขตนครสวรรค์
►หนังสือทั่วไป:l:General Books
บนชั้น

รายการใกล้เคียง
    หัวเรื่อง [การจัดการศึกษา.]
    หัวเรื่อง [การบริหารการศึกษา.]
    หัวเรื่อง [การพัฒนาการศึกษา.]

BibComment


ยังไม่เคยถูกคอมเมนท์

คอมเมนท์ทรัพยากรรายการนี้
  คอมเมนท์: การบริหารจัดการศ..


 Copyright 2026. Bcnsprnw @Library